| 000 | 00732cam a2200241 a 4500 | ||
|---|---|---|---|
| 999 |
_c8117 _d8117 |
||
| 001 | 8117 | ||
| 003 | BD-JhCC | ||
| 005 | 20180218191746.0 | ||
| 008 | 820714s1952 enka 001 0 eng d | ||
| 035 | _a(BD-JhCC)8117 | ||
| 035 | _a746675 | ||
| 040 |
_aVCAV _cVCAV _dSUSA _dBD-JhCC |
||
| 041 | _aeng | ||
| 082 | 0 | 4 |
_a745.5/07 _219 _bROB 1952 |
| 100 | 1 |
_aRobertson, Seonaid M. _q(Seonaid Mairi) |
|
| 245 | 1 | 0 |
_aCreative crafts in education / _cby Seonaid M. Robertson ; foreword by Herbert Read. |
| 260 |
_aLondon : _bRoutledge & Kegan Paul, _c1952. |
||
| 300 |
_axiv, 286 p., [24] p. of ill. : _bill. ; _c23 cm. |
||
| 500 | _aIncludes index. | ||
| 650 | 0 |
_aHandicraft _xStudy and teaching. |
|
| 942 |
_2ddc _cBK |
||